| 000 | 00683nam a2200205 i 4500 | ||
|---|---|---|---|
| 001 | 115445 | ||
| 003 | ES-MaACL | ||
| 005 | 20250825062558.0 | ||
| 007 | t| | ||
| 008 | 070308s1928 sp ||||1| spa d | ||
| 100 | 1 |
_aSuárez de Deza, Enrique. _9108601 |
|
| 245 | 1 | 0 |
_aTe quiero, te adoro! _b: comedia en tres actos / _cE. Suárez de Deza. |
| 260 |
_aMadrid : _bPrensa Moderna, _c1928. |
||
| 300 |
_a55 p. ; _c17 cm. |
||
| 490 | 1 |
_aEl Teatro moderno ; _v169 |
|
| 500 | _aEstrenóse en el Teatro Infanta Beatriz, de Madrid, el día 2 de noviembre de 1928. | ||
| 830 | 0 | 3 |
_aEl teatro moderno (Prensa Moderna) _v169 _9182365 |
| 852 |
_aES-MaACL _jC-13061 |
||
| 999 |
_c115445 _d115445 |
||